000
00325nam a22001337a 4500
008
180924b xxu||||| |||| 00| 0 eng d
020
_a
9780323048118
041
_a
eng
080
_2
5th
_a
610.73
100
_a
1
101
_a
INF
245
_a
Transcultural nursing assesment and Intervention
_c
Giger,J.N
942
_2
udc
_c
BK
999
_c
48320
_d
48320